00392cam a22001572 4500001001100000005001700011008004100028020001700069040001500086100003300101245003900134250001300173260003000186300001500216852000300231000002386920151217152250.0130411s xx 000 0 eng d a0195735598 : aKABUcKABU1 aMohamed, Said A.@000015215110aAmri ya wakati /cSaid A. Mohamed. a1st ed. aNairobi :bOxford,c2013. aiv, 60 p.1